000 00563nam a22001697a 4500
003 OSt
005 20260114163039.0
008 260114b |||||||| |||| 00| 0 eng d
040 _cMRSPTU
041 _aENG
100 _a Lata Gupta, Supervisor: Abhilasha
245 _aQuadrature Distributed Energy Efficient Clustering Technique for Energy Conservation in Wireless Sensor Network
260 _bDepartment of CSE, MRSPTU, Bathinda
_c2018
650 _aComputer Science
856 _uhttp://163.47.215.52:8080/jspui/handle/123456789/258
942 _2ddc
_cTH
_n0
999 _c10637
_d10637